FNaF 1-4 Characters - Statistics

General Stats
  • This quiz has been taken 64 times
  • The average score is 34 of 40
Answer Stats
Picture Answer % Correct
Bonnie
96%
Freddy Fazbear
96%
Chica
94%
Foxy
94%
Balloon boy
89%
Nightmare
89%
Nightmare Bonnie
89%
Nightmare Foxy
89%
Nightmare Freddy
89%
Springtrap
89%
Toy Bonnie
89%
Toy Chica
89%
Toy Freddy
89%
Mangle
87%
Nightmare Balloon Boy
87%
Nightmare Chica
87%
Shadow Freddy
87%
Withered Bonnie
87%
Withered Chica
87%
Withered Foxy
87%
Withered Freddy
87%
Phantom Balloon Boy
85%
Phantom Chica
85%
Phantom Foxy
85%
Phantom Freddy
85%
Phantom Mangle
85%
Phantom Puppet
85%
Puppet
85%
Shadow Bonnie
85%
Withered Golden Freddy
85%
Nightmare Fredbear
83%
Nightmare Mangle
83%
Jack-O-Chica
81%
Golden Freddy
79%
Jack-O-Bonnie
79%
JJ
79%
Freddles
74%
Nightmarionne
68%
Endo-01
66%
Endo-02
66%
No matching quizzes found
Score Distribution
Percent of People with Each Score
Percentile by Number Answered
Your Score History
You have not taken this quiz